Материалы Межрегиональной научно-практической конференции с международным участием "Международный день психического здоровья. Актуальные вопросы психофармакотерапии", 10 октября 2023 г. (Запись № 13673181)

Подробности
000 -МАРКЕР
контрольное поле 02881nam0a2200361 4500
001 - ИДЕНТИФИКАТОР ЗАПИСИ
контрольное поле RU\NLR\BIBL_A\022549074
005 - ИДЕНТИФИКАТОР ВЕРСИИ
контрольное поле 20260420044839.0
010 ## - МЕЖДУНАРОДНЫЙ СТАНДАРТНЫЙ НОМЕР КНИГИ (ISBN)
Номер (ISBN) 978-5-907770-81-2
Тираж 100
021 ## - НОМЕР ГОСУДАРСТВЕННОЙ РЕГИСТРАЦИИ
Код страны Российская Федерация
Номер КН-П-25-018331
Номер Листа государственной регистраци КН-П-25-1860
035 ## - ДРУГИЕ СИСТЕМНЫЕ НОМЕРА
Идентификатор записи (NLR Aleph) 022549074
100 ## - ДАННЫЕ ОБЩЕЙ ОБРАБОТКИ
Данные общей обработки 20250523d2024 k y0rusy50 ca
101 0# - ЯЗЫК РЕСУРСА
Язык текста, звукозаписи и т.д. русский
102 ## - СТРАНА ПУБЛИКАЦИИ ИЛИ ПРОИЗВОДСТВА
Страна публикации Российская Федерация
105 ## - ПОЛЕ КОДИРОВАННЫХ ДАННЫХ: ТЕКСТОВЫЕ МАТЕРИАЛЫ, МОНОГРАФИЧЕСКИЕ
Кодированные данные о монографическом текстовом документе y z 100yy
181 #0 - ПОЛЕ КОДИРОВАННЫХ ДАННЫХ: ВИД СОДЕРЖАНИЯ
Код вида содержания (ISBD) i
Код характеристики содержания (ISBD) xxxe
182 #0 - ПОЛЕ КОДИРОВАННЫХ ДАННЫХ: ТИП СРЕДСТВА
Код типа средства (ISBD) n - непосредственное
200 1# - ЗАГЛАВИЕ И СВЕДЕНИЯ ОБ ОТВЕТСТВЕННОСТИ
Основное заглавие Материалы Межрегиональной научно-практической конференции с международным участием "Международный день психического здоровья. Актуальные вопросы психофармакотерапии", 10 октября 2023 г.
Первые сведения об ответственности Министерство здравоохранения Республики Татарстан, Казанская государственная медицинская академия – филиал ФГБОУ ДПО РМАНПО Минздрава России, ГАУЗ "Республиканская клиническая психиатрическая больница имени академика В. М. Бехтерева" МЗ РТ
203 ## - ВИД СОДЕРЖАНИЯ И ТИП СРЕДСТВА
Вид содержания Текст
Дополнительные сведения об издании визуальный
Тип средства непосредственный
210 ## - ПУБЛИКАЦИЯ, РАСПРОСТРАНЕНИЕ И ДР.
Место издания, распространения и т.д. Казань
Имя издателя, распространителя и т. д. МеДДоК
Дата издания, распространения и т.д. 2024
215 ## - ФИЗИЧЕСКАЯ ХАРАКТЕРИСТИКА
Специфическое обозначение материала и объем 109 c.
Размеры 21
300 ## - ОБЩИЕ ПРИМЕЧАНИЯ
Текст примечания На обл.: Международный день психического здоровья. Актуальные вопросы психофармакотерапии : материалы межрегиональной научно-практической конференции с международным участием, 10 октября 2023 г.
320 ## - ПРИМЕЧАНИЯ О НАЛИЧИИ В ДОКУМЕНТЕ БИБЛИОГРАФИИ / УКАЗАТЕЛЯ
Текст примечания Библиогр. в конце ст.
512 1# - ЗАГЛАВИЕ ОБЛОЖКИ
Заглавие обложки Международный день психического здоровья. Актуальные вопросы психофармакотерапии
Сведения, относящиеся к заглавию материалы межрегиональной научно-практической конференции с международным участием, 10 октября 2023 г.
606 1# - НАИМЕНОВАНИЕ ТЕМЫ КАК ПРЕДМЕТ
Наименование темы Психофармакотерапия
Формальный подзаголовок Съезды, совещания и т.п
Системный номер авторитетной/нормативной записи 2024412
Идентификатор авторитетной/нормативной записи RU\NLR\AUTH\66931978
686 1# - ИНДЕКСЫ ДРУГИХ КЛАССИФИКАЦИЙ
Индекс Р281.70я431(2)
686 1# - ИНДЕКСЫ ДРУГИХ КЛАССИФИКАЦИЙ
Индекс Р64-52я431(2)
710 12 - НАИМЕНОВАНИЕ ОРГАНИЗАЦИИ - ПЕРВИЧНАЯ ОТВЕТСТВЕННОСТЬ
Начальный элемент ввода "Международный день психического здоровья. Актуальные вопросы психофармакотерапии", межрегиональная научно-практическая конференция с международным участием
Место проведения временной организации Казань
Дата проведения временной организации 2023
Системный номер авторитетной/нормативной записи 2660275
Идентификатор авторитетной/нормативной записи RU\NLR\AUTH\880627907
942 ## - ДОПОЛНИТЕЛЬНЫЕ ЭЛЕМЕНТЫ ЗАПИСИ (АБИС)
Тип экземпляра АБИС Книга
980 ## - КОЛЛЕКЦИЯ
Название коллекции Национальная библиография

Нет доступных экземпляров.